Central Library OPAC University of Rajshahi

জল-চিকিৎসার অপূর্ব বিধান : (Record no. 54265)

MARC details
000 -LEADER
fixed length control field 01094nam a2200229 a 4500
001 - CONTROL NUMBER
control field 54265
003 - CONTROL NUMBER IDENTIFIER
rucl marc code BD-RjUL
005 - DATE AND TIME OF LATEST TRANSACTION
control field 20211209080109.0
008 - FIXED-LENGTH DATA ELEMENTS--GENERAL INFORMATION
fixed length control field 161105r20001994bg ||||| |||| 00| 0 ben d
020 ## - INTERNATIONAL STANDARD BOOK NUMBER
Terms of availability : TK 140.00
035 ## - SYSTEM CONTROL NUMBER
System control number (BD-RjUL)54387
040 ## - CATALOGING SOURCE
Original cataloging agency BD-RjUL
Language of cataloging ben
Transcribing agency BD-RjUL
041 ## - LANGUAGE CODE
Language code of text/sound track or separate title ben
082 ## - DEWEY DECIMAL CLASSIFICATION NUMBER
Edition number 23
Classification number 615.853
Author mark and year GUJ 2000
100 ## - MAIN ENTRY--PERSONAL NAME
Personal name গুজম্যান-ল্যাডিয়ান, হারমিনিয়া ডি
9 (RLIN) 161956
245 10 - TITLE STATEMENT
Title জল-চিকিৎসার অপূর্ব বিধান :
Remainder of title ফলপ্রসূ জল-চিকিৎসার নির্দেশনা /
Statement of responsibility, etc. হারমিনিয়া ডি গুজম্যান-ল্যাডিয়ান
260 ## - PUBLICATION, DISTRIBUTION, ETC. (IMPRINT)
Place of publication, distribution, etc. ঢাকা :
Name of publisher, distributor, etc. বাংলাদেশ এ্যাডভেন্টিষ্ট পাবলিশিং,
Date of publication, distribution, etc. ১৯৯৪ [মুদ্রণ ২০০০]
300 ## - PHYSICAL DESCRIPTION
Pagination ১১৯ পৃ. :
Illustrations চিত্র ;
Size ২১ সেমি.
650 ## - SUBJECT ADDED ENTRY--TOPICAL TERM
Topical term or geographic name as entry element Hydrotherapy
9 (RLIN) 161957
Topical term or geographic name as entry element জলচিকিত্সা
9 (RLIN) 161958
942 ## - ADDED ENTRY ELEMENTS (KOHA)
Source of classification or shelving scheme Dewey Decimal Classification
Koha item type Books
Holdings
Lost status Source of classification or shelving scheme Damaged status Not for loan Collection code Permanent Location Current Location Shelving location Date acquired Source of acquisition Cost, normal purchase price Total Checkouts Full call number Date last seen Copy number Koha item type
  Dewey Decimal Classification     Non-fiction Central Library, University of Rajshahi Central Library, University of Rajshahi   27/12/1997 Euro-pak news agency, Dacca. 140.00   B 615.853 GUJ 2000 05/11/2016 C-2 Books